Deutschland Quiz - Statistiken

Allgemein
  • Dieses Quiz wurde 268 mal gespielt
  • Das Durchschnittsergebnis liegt bei 5 aus 5
Antwortstatistiken
Frage Antwort % Korrekt
Im welchem Jahr war die Wiedervereinigung zwischen Ost- und Westdeutschland 1990
100%
Es gab 2 Deutsche Staaten. Wie hieß der Zweite Staat? (Ausschreiben) Deutsche Demokratische Republik
100%
Deutschlands Nationalfeiertag ist im welchem Monat? Oktober
100%
Im welchem Jahr wurde die BRD gegründet? 1949
81%
Wie heißt der aktuelle Bundespräsident ? Frank Walter Steinmeier
77%
Keine übereinstimmenden Quizze gefunden
Verteilung der Resultate
Anzahl Personen mit jedem Resultat
Perzentil nach korrekt beantworteten Fragen
Ihre Resultats-Entwicklung
Sie haben dieses Quiz noch nicht gespielt